[Event "Marienbad Open IM1 2020"]
[Site "Marianske Lazne"]
[Date "2020.01.18"]
[Round "1.6"]
[White "Stigar, Petter"]
[Black "Plischki, Sebastian"]
[Result "1/2-1/2"]
[WhiteElo "2217"]
[BlackElo "2387"]
[Annotator "TA"]
[PlyCount "51"]
[EventDate "2020.01.18"]
[EventType "tourn"]
[EventCountry "CZE"]
[SourceTitle "playchess.com"]
[Source "ChessBase"]
[SourceQuality "1"]

{[%evp 16,51,16,12,12,10,26,21,19,20,30,20,29,35,18,22,60,57,61,55,85,83,110,66,74,58,85,58,60,58,68,58,58,58,58,58,58,58]} 1. Nf3 d5 2. d4 Nf6 3. c4 c6 4. e3 Bf5 5. Bd3 Bxd3 6. Qxd3 e6 7. Nc3 Bb4 8. Bd2 O-O 9. O-O a5 {D12: Slav Defence: 3 Nf3 Nf6 4 e3 Bf5} (9... Ba5 10. b3 Nbd7 11. Rfe1 Re8 12. a3 h6 13. b4 Bc7 14. e4 Nb6 15. cxd5 cxd5 16. e5 Nfd7 17. Rec1 {0-1 (37) Abdusattorov,N (2598)-Shankland,S (2713) Biel 2019}) 10. a3 Bxc3 11. bxc3 Nbd7 {The position is equal.} 12. cxd5 cxd5 $146 ({Predecessor:} 12... exd5 13. c4 Nb6 14. cxd5 cxd5 15. Rfb1 Ne4 16. Be1 Nd6 17. Ng5 {1-0 (41) Zhukova,N (2459)-Gunina,V (2508) Khanty-Mansiysk 2014}) 13. c4 Nb6 14. cxd5 Qxd5 15. Ne5 Rfd8 {[#] aiming for ...Qxe5!} 16. Rfb1 {Strongly threatening Nxf7.} Qxe5 17. Rxb6 Qc7 18. Rab1 Ra7 19. e4 Nd7 20. R6b5 b6 21. Be3 Raa8 {White is slightly better.} 22. d5 exd5 23. exd5 {[%cal Re3b6]} Qd6 24. Bxb6 Nxb6 25. Rxb6 Qxd5 26. Qxd5 {Accuracy: White = 79%, Black = 50%.} 1/2-1/2

[Event "Marienbad Open IM1 2020"]
[Site "Marianske Lazne"]
[Date "2020.01.18"]
[Round "1.7"]
[White "Sernecki, Franciszek"]
[Black "Tymrakiewicz, Rafal"]
[Result "1-0"]
[WhiteElo "2204"]
[BlackElo "2254"]
[Annotator "TA"]
[PlyCount "97"]
[EventDate "2020.01.18"]
[EventType "tourn"]
[EventCountry "CZE"]
[SourceTitle "playchess.com"]
[Source "ChessBase"]
[SourceQuality "1"]

{[%evp 19,103,35,36,43,89,85,101,58,68,58,73,67,102,92,95,89,83,79,100,65,77,68,76,77,83,69,99,86,106,92,101,78,106,36,79,64,67,59,67,73,68,59,54,66,58,65,71,72,70,63,254,256,276,265,428,381,398,189,212,167,193,171,202,202,203,197,612,570,525,421,441,438,511,479,434,397,890,862,1281,558,1752,1509,2208,2014,29991,29992]} 1. d4 g6 2. c4 Bg7 3. e4 d6 4. Nf3 e5 5. Nc3 exd4 6. Nxd4 Nf6 7. Be2 O-O 8. O-O Re8 9. f3 Nc6 10. Be3 Nd7 11. Qd2 {E94: King's Indian: Classical: 6 Be2 e5 7 0-0: Various Black 7th moves} Nde5 12. Rad1 Bd7 13. Kh1 $146 {White is better.} ({Predecessor:} 13. Rfe1 Nxd4 14. Bxd4 Bc6 15. b4 b6 16. Bf1 a5 17. a3 axb4 18. axb4 {½-½ (56) Van Wely,L (2610)-Schoppen,C (2508) Amstelveen 2019}) 13... a6 14. b3 Rc8 15. Nc2 b6 16. Nd5 f6 17. h3 Nf7 18. g4 a5 19. Kh2 Ng5 20. Qe1 Ne6 21. Qg3 Nc5 22. Kh1 Be6 23. Bc1 Rf8 24. Bb2 Ra8 25. Qg2 Re8 26. Rde1 ({White should try} 26. f4 $16) 26... Bxd5 27. cxd5 ({Don't play} 27. exd5 $6 Nb4 $11) 27... Nb4 $1 {[%cal Rb4c2]} 28. Nd4 Nbd3 29. Bxd3 Nxd3 30. Rd1 {[%cal Be1d1,Bd1d4,Bd4c4,Bc4c2,Bc2f2,Bf2f3][%mdl 32]} Nxb2 31. Qxb2 f5 32. gxf5 Qh4 33. Qg2 $36 {[%mdl 2048] White is in control.} Bxd4 34. Rxd4 {Threatens to win with Rc4.} Kf7 $2 (34... Re7 $14) 35. Rc4 $18 {Black must now prevent e5.} Qe7 36. Rfc1 Ra7 $2 (36... Rac8 37. fxg6+ hxg6) 37. fxg6+ hxg6 {[#]} 38. Rg1 (38. e5 $142 $1 {[%mdl 512]} Rh8 (38... dxe5 39. Rc6) 39. e6+ Ke8 40. Qxg6+ Kd8 41. Qg4) 38... Qf6 39. Rc2 Rh8 40. f4 Kf8 41. Rf2 c5 42. dxc6 Qc3 $2 (42... Rah7 43. Rf3 Qe6) 43. Rf3 Qxc6 44. Qxg6 {aiming for Qf6+.} Rah7 45. Kh2 Qd7 {[%cal Rh7h3]} 46. Qf6+ Ke8 {[%cal Rh7h3]} 47. f5 Rf8 $2 (47... Qe7 48. Qd4 Qe5+ 49. Qxe5+ dxe5) 48. Qg6+ Kd8 49. Rc3 {Played: Rg1-d1} 1-0

[Event "Marienbad Open IM1 2020"]
[Site "Marianske Lazne"]
[Date "2020.01.18"]
[Round "1.9"]
[White "Roesemann, Rainer"]
[Black "Vagman, Roy"]
[Result "0-1"]
[WhiteElo "2231"]
[BlackElo "2089"]
[Annotator "TA"]
[PlyCount "100"]
[EventDate "2020.01.18"]
[EventType "tourn"]
[EventCountry "CZE"]
[SourceTitle "playchess.com"]
[Source "ChessBase"]
[SourceQuality "1"]

{[%evp 9,100,0,0,-11,-1,-11,-11,-11,-14,-18,0,-8,54,84,80,-49,-49,-49,-49,-49,-44,-44,-43,-35,-41,-104,-95,-108,-104,-106,-96,-196,-117,-112,-117,-219,-216,-234,-216,-231,-228,-252,-252,-245,-252,-229,-230,-250,-248,-290,-184,-220,-218,-479,-472,-463,-454,-469,-442,-481,-480,-783,-799,-783,-787,-745,-737,-734,-747,-843,-851,-834,-854,-1139,-844,-1307,-1331,-1183,-911,-1366,-2679,-12841,-12837,-29986,-29987,-29987,-29988,-29988,-29989,-29994,-29995,-29995,-29996]} 1. d4 Nf6 2. Bf4 d5 3. e3 c5 4. c3 Nc6 5. Nd2 Bf5 (5... Bg4 6. Ngf3 e6 7. Qb3 Qc8 8. Bb5 Nd7 9. O-O a6 10. Be2 Be7 11. Qd1 O-O 12. a4 Qd8 13. Qb1 Bf5 14. Bd3 Bxd3 15. Qxd3 {½-½ (52) Artemiev,V (2746)-Hovhannisyan,R (2639) Douglas 2019}) 6. Qb3 {D00: 1 d4 d5: Unusual lines} Qc8 7. Ngf3 c4 8. Qd1 {The position is equal.} h6 9. b3 b5 10. Ne5 $146 ({Predecessor:} 10. a4 b4 11. bxc4 bxc3 12. Nb3 Nb4 {0-1 (28) Ananmay,S (1734)-Neelash,S (2334) Ahmedabad 2019}) 10... e6 ({Black should try} 10... Nxe5 $11 11. Bxe5 e6) 11. bxc4 $14 dxc4 12. Bxc4 (12. a4 $1 $16) 12... Nxe5 $1 $15 ({Of course not} 12... bxc4 $6 13. Qa4 $14) 13. dxe5 bxc4 14. exf6 Bd3 $1 15. Be5 gxf6 16. Bxf6 Rg8 17. Qf3 (17. Nf3 $15) 17... Rb8 $17 18. h4 Qb7 19. Rd1 {Black should prevent Qxb7.} Qxf3 ({But not} 19... Rxg2 $6 20. Qxb7 Rxb7 21. Nxc4 $1 $11 {[%mdl 512]}) 20. gxf3 (20. Nxf3 $17 Rg6 21. Be5) 20... Ba3 (20... Rb2 $19 21. a4 Rg2) 21. Ne4 Rg2 22. Rxd3 (22. h5 $17) 22... cxd3 $19 23. Kd2 {[#]} Be7 $1 24. Kxd3 Bxf6 25. Nxf6+ {[%mdl 4096] Endgame KRR-KRN} Ke7 26. Ng4 {White wants to play Ke2.} h5 27. Ne5 {Black must now prevent Nc6+.} Rb2 28. a4 Rgxf2 ({Resist} 28... Rbxf2 29. Rb1) 29. f4 a6 30. Kc4 Rfe2 31. Rd1 $2 (31. Rg1 Rb7 32. Kd3) 31... Rxe3 32. Rd7+ Ke8 {Hoping for ...Rxe5!} 33. Ra7 Re4+ {[%mdl 64] Double Attack} 34. Kc5 Rxf4 35. Rxa6 (35. Nc4 $142 Ra2 36. Nd6+ Kf8 37. c4) 35... Rf5 36. Kd4 Rd2+ 37. Ke3 Rh2 38. Ra8+ Ke7 39. Ra7+ Kf8 40. Nd7+ Kg7 41. c4 Rh3+ 42. Kd4 Rxh4+ 43. Kc3 Rh3+ 44. Kb4 Rh1 45. c5 Rb1+ 46. Ka5 h4 {Black mates.} 47. Ka6 h3 48. c6 h2 49. c7 h1=Q {[%cal Rh1f1]} 50. Nb6 {[#]} Qc6 $1 {Accuracy: White = 25%, Black = 87%.} 0-1

[Event "Marienbad Open IM1 2020"]
[Site "Marianske Lazne"]
[Date "2020.01.18"]
[Round "1.10"]
[White "Grabarczyk, Miroslaw"]
[Black "Michalek, Jan"]
[Result "1/2-1/2"]
[WhiteElo "2366"]
[BlackElo "2251"]
[Annotator "TA"]
[PlyCount "34"]
[EventDate "2020.01.18"]
[EventType "tourn"]
[EventCountry "CZE"]
[SourceTitle "playchess.com"]
[Source "ChessBase"]
[SourceQuality "1"]

{[%evp 16,34,47,42,45,64,50,11,12,0,6,0,12,0,23,-18,-18,-18,-20,-37,-36]} 1. d4 Nf6 2. c4 g6 3. Nf3 Bg7 4. g3 c5 5. d5 b5 6. Bg2 d6 7. O-O O-O 8. cxb5 a6 9. bxa6 Nbd7 {[%cal Bb8d7,Bd7b6,Bb6c4][%mdl 32] E60: King's Indian: Unusual lines and Fianchetto Variation without Nc3} (9... Bf5 10. Nc3 Ne4 11. Nxe4 Bxe4 12. Nd2 Bxg2 13. Kxg2 Qa5 14. Nc4 Qxa6 15. Qc2 Nd7 16. a4 Rfb8 17. Ra3 Nb6 18. Nxb6 Rxb6 {½-½ (48) Ding,L (2801)-Vachier Lagrave,M (2780) London 2019}) 10. Nc3 Nb6 11. Ne1 Nfd7 {The position is equal.} 12. Nc2 Nc4 13. Ne3 Nde5 $146 ({Predecessor:} 13... Ndb6 14. Nxc4 Nxc4 15. Qc2 Bxa6 16. Bd2 Qa5 17. Rfb1 Nxd2 18. Qxd2 {1-0 (77) Schaffer,H (2236)-Kersten,U (2245) Germany 2017}) 14. Qc2 Qa5 15. a3 Nxe3 16. Bxe3 Nc4 17. Bc1 Bxa6 1/2-1/2

[Event "Marienbad Open IM1 2020"]
[Site "Marianske Lazne"]
[Date "2020.01.19"]
[Round "2.7"]
[White "Vagman, Roy"]
[Black "Grabarczyk, Miroslaw"]
[Result "0-1"]
[WhiteElo "2089"]
[BlackElo "2366"]
[Annotator "TA"]
[PlyCount "102"]
[EventDate "2020.01.18"]
[EventType "tourn"]
[EventCountry "CZE"]
[SourceTitle "playchess.com"]
[Source "ChessBase"]
[SourceQuality "1"]

{[%evp 9,102,19,30,28,21,16,65,18,54,21,30,23,27,0,0,-10,-6,-9,-9,-9,-4,-14,-13,-27,-29,-26,-33,-34,-34,-35,-22,-21,-7,-11,-4,-33,-16,-21,-20,-20,-17,-22,-7,-14,-14,-37,0,-55,0,-45,0,-24,0,-43,-43,-251,-217,-248,-240,-672,-680,-584,-693,-699,-641,-600,-648,-627,-607,-595,-487,-1414,-1455,-1386,-1408,-1393,-1325,-1274,-1288,-1322,-1189,-1192,-1177,-1131,-1063,-1008,-893,-1387,-1553,-2157,-1863,-2361,-2370,-29980,-29981]} 1. e4 e5 2. Nf3 Nc6 3. Nc3 Nf6 4. Be2 d6 (4... d5 5. exd5 Nxd5 6. O-O Nxc3 7. bxc3 e4 8. Ne1 Bd6 9. f3 f5 10. fxe4 fxe4 11. Rb1 Qe7 12. d4 exd3 13. cxd3 Bd7 14. Rxb7 O-O-O 15. Rb2 {1-0 (29) Van Foreest,J (2629)-Giri,A (2752) Amstelveen 2017}) 5. O-O Be7 6. d4 {C47: Scotch Four Knights and Four Knights with 4 g3} O-O 7. h3 Bd7 8. Re1 {White is slightly better.} (8. d5 $5 {[%cal Rd5c6]} Nb8 9. Be3 $14) 8... Re8 9. Bf1 h6 10. dxe5 $146 ({Predecessor:} 10. b3 Bf8 11. Bb2 exd4 12. Nxd4 {1-0 (23) Markovic,V (2251)-Petkovic,R (2274) Kragujevac 2010}) 10... Nxe5 11. Nxe5 dxe5 12. Nd5 Bc5 13. Nxf6+ Qxf6 14. Be3 Bxe3 15. Rxe3 Red8 16. Qf3 Qxf3 17. Rxf3 Be6 18. Rc3 c6 19. Rd3 Rxd3 20. Bxd3 $15 {[%mdl 4096] Endgame KRB-KRB} c5 21. b3 Rd8 22. Rd1 b5 23. Be2 Rxd1+ 24. Bxd1 $11 {KB-KB} f6 25. Kf1 b4 26. Be2 Kf8 27. Bb5 f5 28. f3 (28. exf5 $11 Bxf5 29. Bd3 Bxd3+ 30. cxd3) 28... Ke7 ({Black should try} 28... f4 $15) 29. Ke2 Kd6 30. Kd3 a5 31. g4 fxg4 32. hxg4 $2 (32. fxg4 $15 h5 33. gxh5) 32... Bf7 33. Ke3 {[#]} Ke6 $1 34. f4 $2 (34. Kd3 Kf6 35. Bc6) 34... exf4+ $19 35. Kxf4 g5+ 36. Ke3 {intending Bc4+.} Ke5 37. Be2 Bg6 38. Bf3 Be8 39. Be2 a4 {[%cal Ba5a4,Ba4a3][%mdl 32]} 40. Bf3 (40. c4 $142 bxc3 41. bxa4 Bxa4 42. Ba6) 40... a3 41. Be2 Bc6 42. Bf3 Bd7 43. Be2 Be6 44. Kd3 Bc8 45. Ke3 Bb7 46. Bf3 Bc6 47. Bg2 Be8 48. Kd3 Bd7 49. Bf3 Kf4 50. Bh1 Bb5+ 51. c4 Bd7 {Accuracy: White = 18%, Black = 55%.} 0-1

[Event "Marienbad Open IM1 2020"]
[Site "Marianske Lazne"]
[Date "2020.01.19"]
[Round "2.8"]
[White "Abhilash, Reddy M.L."]
[Black "Roesemann, Rainer"]
[Result "1-0"]
[WhiteElo "2258"]
[BlackElo "2231"]
[Annotator "TA"]
[PlyCount "85"]
[EventDate "2020.01.18"]
[EventType "tourn"]
[EventCountry "CZE"]
[SourceTitle "playchess.com"]
[Source "ChessBase"]
[SourceQuality "1"]

{[%evp 9,103,11,41,29,32,31,32,9,16,9,9,15,25,37,30,35,35,17,54,47,79,85,79,65,60,41,24,23,54,13,45,40,39,38,43,48,41,15,17,-18,18,24,60,45,43,45,43,31,43,33,35,39,39,36,66,66,67,49,203,61,201,200,367,343,403,406,393,397,381,379,522,516,620,619,765,737,758,548,494,434,428,402,1225,1065,886,819,29962,29963,8107,8107,29971,29971,29957,29959,5297,2322]} 1. d4 Nf6 2. Nf3 e6 3. c4 b6 4. g3 Ba6 5. Nbd2 c6 6. Bg2 {E15: Queen's Indian: 4 g3 sidelines, 4 g3 Ba6 and 4 g3 Bb7 early deviations} d5 7. O-O Be7 (7... Nbd7 8. b3 b5 9. c5 b4 10. Re1 Be7 11. Qc2 Bb5 12. a4 bxa3 13. Nb1 a5 14. Nc3 {1-0 (39) Ivanchuk,V (2739)-Zubov,A (2581) Warsaw 2009}) 8. Ne5 {White is slightly better.} Nfd7 9. Nxd7 Nxd7 10. b3 O-O 11. Bb2 Rc8 12. e4 Nf6 13. Rc1 Bb4 14. e5 Nd7 15. Re1 Qg5 $146 ({Predecessor:} 15... Qe7) 16. Bc3 (16. f4 {is more complex.} Qg6 17. a3 Be7 18. Nf1 h5 19. Ne3) 16... Qe7 17. Bf1 {And now cxd5 would win.} Bxc3 18. Rxc3 Qb4 19. Nb1 Bb7 20. cxd5 cxd5 21. Ree3 Nb8 22. a3 Qe7 23. Qd2 Nc6 24. Re1 h6 25. Rec1 Nb8 26. Rxc8 Rxc8 27. Rxc8+ Bxc8 28. Qc3 Qd8 29. Nd2 Ba6 30. Bxa6 Nxa6 31. Qc6 Qc7 32. Qe8+ Kh7 33. Nf3 Nb8 $2 ({Better is} 33... g6 $14) 34. Kg2 (34. h4 $1 $18) 34... a5 {[#]} (34... Nc6 $14) 35. h4 $1 $18 Nc6 $2 {[#]} (35... g6) 36. h5 $1 Nxd4 37. Nxd4 {Strongly threatening Nc6.} Qxe5 38. Nf3 Qxh5 39. Qb5 Qf5 40. Qxb6 Qd3 41. Qxa5 Qxb3 42. Qb4 Qd3 43. a4 {Played: Nf3-e5} 1-0

[Event "Marienbad Open IM1 2020"]
[Site "Marianske Lazne"]
[Date "2020.01.19"]
[Round "2.9"]
[White "Tymrakiewicz, Rafal"]
[Black "Steiner, Bruno"]
[Result "1/2-1/2"]
[WhiteElo "2254"]
[BlackElo "2117"]
[Annotator "ChessBase"]
[PlyCount "141"]
[EventDate "2020.01.18"]
[EventType "tourn"]
[EventCountry "CZE"]
[SourceTitle "playchess.com"]
[Source "ChessBase"]
[SourceQuality "1"]
[TimeControl "40/5400+30:1800+30"]

1. d4 d5 2. c3 Nf6 3. Nf3 e6 4. Bg5 h6 5. Bh4 Be7 6. Nbd2 Nbd7 7. e3 b6 8. Bb5 O-O 9. Bc6 Rb8 10. Qe2 Ne8 11. Bg3 Bb7 12. Bxb7 Rxb7 13. O-O Nd6 14. Rfd1 Nf5 15. Qa6 Qc8 16. c4 Nxg3 17. hxg3 c6 18. a3 Rc7 19. Qxc8 Rfxc8 20. b4 a6 21. c5 bxc5 22. bxc5 Rb7 23. Rab1 Rcb8 24. Rxb7 Rxb7 25. Rb1 Rxb1+ 26. Nxb1 e5 27. Nc3 e4 28. Ne1 f5 29. Nc2 Kf7 30. Kf1 Ke6 31. Ke2 h5 32. Kd2 Bd8 33. Nb4 Nb8 34. Ne2 g5 35. Kc3 Kd7 36. Kb3 Kc7 37. Kc2 a5 38. Na2 Nd7 39. Nac3 Nf6 40. Kd2 Kb7 41. Ng1 Ne8 42. f3 Ng7 43. Ke2 Ne6 44. Kf2 Ka6 45. Nge2 Bf6 46. Ke1 Be7 47. Kd2 Bf8 48. Na4 Kb5 49. Nb6 Nxc5 50. dxc5 Bxc5 51. Nd7 exf3 52. gxf3 h4 53. gxh4 gxh4 54. a4+ Kc4 55. Ne5+ Kb3 56. Nxc6 Kxa4 57. Nf4 Kb5 58. Ne5 Bd6 59. Neg6 Bxf4 60. Nxf4 Kc4 61. Kc2 a4 62. Nh3 a3 63. Nf2 d4 64. e4 f4 65. e5 Kd5 66. Kb3 Kxe5 67. Kxa3 d3 68. Nxd3+ Kd4 69. Nxf4 Ke3 70. Ng2+ Kxf3 71. Nxh4+ 1/2-1/2

[Event "Marienbad Open IM1 2020"]
[Site "Marianske Lazne"]
[Date "2020.01.19"]
[Round "2.10"]
[White "Stigar, Petter"]
[Black "Sernecki, Franciszek"]
[Result "1/2-1/2"]
[WhiteElo "2217"]
[BlackElo "2204"]
[Annotator "TA"]
[PlyCount "39"]
[EventDate "2020.01.18"]
[EventType "tourn"]
[EventCountry "CZE"]
[SourceTitle "playchess.com"]
[Source "ChessBase"]
[SourceQuality "1"]

{[%evp 10,39,26,10,27,17,31,34,37,22,22,22,29,24,29,24,29,25,29,22,20,22,24,25,23,27,16,24,26,23,22,29]} 1. d4 Nf6 2. Nf3 ({Predecessor:} 2. c4 e6 3. g3 d5 {½-½ (29) Van Straaten,M-Chen,F ICCF email 2015}) 2... e6 3. c4 d5 4. g3 dxc4 5. Bg2 Bb4+ 6. Bd2 c5 $146 {E04: Open Catalan: 5 Nf3} (6... Be7 {looks sharper.} 7. Qa4+ c6 8. Qxc4 O-O 9. O-O b5) (6... a5 7. O-O O-O 8. Qc2 Bxd2 9. Nbxd2 b5 10. a4 c6 11. b3 cxb3 12. Nxb3 b4 13. e4 Nbd7 14. h4 h6 15. e5 {½-½ (93) Abasov,N (2632)-Piorun,K (2660) Khanty-Mansiysk 2019}) 7. Bxb4 cxb4 8. Ne5 O-O {White is slightly better.} 9. a3 Nd5 10. Nxc4 b5 11. Ne5 Bb7 12. O-O bxa3 13. Nxa3 a6 14. Qb3 Nd7 15. Nac4 bxc4 16. Qxb7 {[%mdl 64] [#] Double Attack} Nxe5 17. dxe5 Rb8 18. Qxa6 Qc7 19. Rfc1 Qxe5 20. Qxc4 {Accuracy: White = 84%, Black = 94%.} 1/2-1/2

[Event "Marienbad Open IM1 2020"]
[Site "Marianske Lazne"]
[Date "2020.01.20"]
[Round "3.6"]
[White "Sernecki, Franciszek"]
[Black "Plischki, Sebastian"]
[Result "0-1"]
[WhiteElo "2204"]
[BlackElo "2387"]
[Annotator "RC"]
[PlyCount "58"]
[EventDate "2020.01.18"]
[EventType "tourn"]
[EventCountry "CZE"]
[SourceTitle "playchess.com"]
[Source "ChessBase"]
[SourceQuality "1"]
[TimeControl "40/5400+30:1800+30"]

1. d4 {[%emt 0:00:00]} Nf6 {[%emt 0:00:00]} 2. c4 {[%emt 0:00:05]} g6 {[%emt 0:00:00]} 3. Nc3 {[%emt 0:00:03]} d5 {[%emt 0:00:00]} 4. Nf3 {[%emt 0:00:34]} Bg7 {[%emt 0:00:05]} 5. Bg5 {[%emt 0:00:26]} Ne4 {[%emt 0:00:20]} 6. h4 {[%emt 0:00:20]} Nxg5 {[%emt 0:00:25]} 7. hxg5 {[%emt 0:00:15]} dxc4 {[%emt 0:00:10]} 8. Qa4+ {[%emt 0:13:38]} c6 {[%emt 0:00:50]} 9. Qxc4 {[%emt 0:01:58]} Be6 {[%emt 0:01:22]} 10. Qa4 {[%emt 0:06:41]} Qb6 {[%emt 0:02:48]} 11. O-O-O {[%emt 0:03:57]} O-O {[%emt 0:02:09]} 12. e3 {[%emt 0:04:06]} Qc7 {[%emt 0:06:36]} 13. Be2 {[%emt 0:13:36]} Nd7 {[%emt 0:02:37]} 14. Rh4 {[%emt 0:05:35]} b5 {[%emt 0:03:57]} 15. Qc2 {[%emt 0:02:56]} Qa5 {[%emt 0:01:10]} 16. b3 {[%emt 0:06:50]} Rfc8 {[%emt 0:03:36]} 17. Ne1 {[%emt 0:12:18]} c5 {[%emt 0:03:04]} 18. d5 {[%emt 0:04:02]} Bf5 {[%emt 0:01:21]} 19. e4 {[%emt 0:03:16]} Bxc3 {[%emt 0:03:08]} 20. exf5 {[%emt 0:04:37]} Bxe1 {[%emt 0:01:36]} 21. fxg6 {[%emt 0:00:29]} hxg6 {[%emt 0:03:33]} 22. Bg4 {[%emt 0:04:51]} c4 {[%emt 0:06:24]} 23. b4 {[%emt 0:02:48]} Qa3+ {[%emt 0:01:02]} 24. Kb1 {[%emt 0:00:04]} Qxb4+ {[%emt 0:00:05]} 25. Kc1 {[%emt 0:00:04]} Rd8 {[%emt 0:09:53]} 26. Be6 {[%emt 0:02:41]} Nf8 {[%emt 0:04:30]} 27. Qe4 {[%emt 0:03:10]} fxe6 {[%emt 0:04:02]} 28. Rh6 {[%emt 0:01:09]} Qc3+ {[%emt 0:08:44]} 29. Kb1 {[%emt 0:00:06]} Qg7 {[%emt 0:00:25]} 0-1

[Event "Marienbad Open IM1 2020"]
[Site "Marianske Lazne"]
[Date "2020.01.20"]
[Round "3.7"]
[White "Steiner, Bruno"]
[Black "Stigar, Petter"]
[Result "1/2-1/2"]
[WhiteElo "2117"]
[BlackElo "2217"]
[Annotator "ChessBase"]
[PlyCount "34"]
[EventDate "2020.01.18"]
[EventType "tourn"]
[EventCountry "CZE"]
[SourceTitle "playchess.com"]
[Source "ChessBase"]
[SourceQuality "1"]
[TimeControl "40/5400+30:1800+30"]

1. d4 {[%emt 0:00:00]} d5 {[%emt 0:00:00]} 2. Bf4 {[%emt 0:00:13]} Nf6 {[%emt 0:00:00]} 3. e3 {[%emt 0:00:14]} e6 {[%emt 0:00:00]} 4. Nd2 {[%emt 0:00:19]} Bd6 {[%emt 0:00:00]} 5. Bg3 {[%emt 0:00:18]} O-O {[%emt 0:00:02]} 6. Bd3 {[%emt 0:00:39]} c5 {[%emt 0:01:06]} 7. c3 {[%emt 0:00:36]} Nc6 {[%emt 0:00:53]} 8. Ngf3 {[%emt 0:00:27]} b6 {[%emt 0:00:12]} 9. Ne5 {[%emt 0:00:45]} Bb7 {[%emt 0:01:56]} 10. f4 {[%emt 0:01:28]} Ne7 {[%emt 0:00:36]} 11. Qc2 {[%emt 0:00:27]} c4 {[%emt 0:08:49]} 12. Be2 {[%emt 0:01:03]} Nf5 {[%emt 0:02:42]} 13. Bf2 {[%emt 0:00:10]} Be7 {[%emt 0:00:38]} 14. g4 {[%emt 0:05:50]} Nd6 {[%emt 0:00:20]} 15. Bf3 {[%emt 0:05:04]} Qc7 {[%emt 0:03:12]} 16. g5 {[%emt 0:03:07]} Nfe4 {[%emt 0:01:34]} 17. Nxe4 {[%emt 0:02:29]} dxe4 {[%emt 0:09:29]} 1/2-1/2

[Event "Marienbad Open IM1 2020"]
[Site "Marianske Lazne"]
[Date "2020.01.20"]
[Round "3.8"]
[White "Roesemann, Rainer"]
[Black "Tymrakiewicz, Rafal"]
[Result "1-0"]
[WhiteElo "2231"]
[BlackElo "2254"]
[Annotator "ChessBase"]
[PlyCount "133"]
[EventDate "2020.01.18"]
[EventType "tourn"]
[EventCountry "CZE"]
[SourceTitle "playchess.com"]
[Source "ChessBase"]
[SourceQuality "1"]
[TimeControl "40/5400+30:1800+30"]

1. c4 {[%emt 0:00:00]} g6 {[%emt 0:01:45]} 2. g3 {[%emt 0:00:00]} Bg7 {[%emt 0:00:06]} 3. Bg2 {[%emt 0:00:00]} e5 {[%emt 0:05:23]} 4. Nc3 {[%emt 0:00:08]} d6 {[%emt 0:00:51]} 5. e4 {[%emt 0:00:53]} Nc6 {[%emt 0:02:29]} 6. d3 {[%emt 0:00:25]} Be6 {[%emt 0:01:48]} 7. Nge2 {[%emt 0:00:39]} h5 {[%emt 0:02:00]} 8. Be3 {[%emt 0:08:55]} h4 {[%emt 0:08:26]} 9. Qd2 {[%emt 0:04:14]} Qd7 {[%emt 0:07:46]} 10. Nd5 {[%emt 0:05:18]} Nd8 {[%emt 0:13:02]} 11. f4 {[%emt 0:11:08]} c6 {[%emt 0:04:52]} 12. Ndc3 {[%emt 0:00:36]} Ne7 {[%emt 0:01:17]} 13. O-O-O {[%emt 0:01:09]} Bg4 {[%emt 0:07:13]} 14. Rdf1 {[%emt 0:07:39]} Ne6 {[%emt 0:10:34]} 15. d4 {[%emt 0:02:21]} h3 {[%emt 0:12:34]} 16. Bf3 {[%emt 0:00:32]} Bxf3 {[%emt 0:00:12]} 17. Rxf3 {[%emt 0:00:11]} exd4 {[%emt 0:00:29]} 18. Nxd4 {[%emt 0:00:32]} f5 {[%emt 0:04:35]} 19. exf5 {[%emt 0:20:00]} Nxf5 {[%emt 0:07:05]} 20. Nxf5 {[%emt 0:00:25]} gxf5 {[%emt 0:00:01]} 21. Rd1 {[%emt 0:01:19]} Kf7 {[%emt 0:05:31]} 22. Qd3 {[%emt 0:01:04]} Bxc3 {[%emt 0:00:18]} 23. Qxc3 {[%emt 0:00:44]} Rad8 {[%emt 0:00:41]} 24. Qd3 {[%emt 0:03:10]} Ng7 {[%emt 0:00:23]} 25. Bd4 {[%emt 0:03:01]} Rhe8 {[%emt 0:01:07]} 26. Qf1 {[%emt 0:01:23]} Re4 {[%emt 0:00:49]} 27. Qxh3 {[%emt 0:01:58]} Qe6 {[%emt 0:00:26]} 28. Rfd3 {[%emt 0:03:50]} Qxc4+ {[%emt 0:01:41]} 29. Bc3 {[%emt 0:01:07]} d5 {[%emt 0:00:23]} 30. Rd4 {[%emt 0:03:00]} Rxd4 {[%emt 0:00:40]} 31. Rxd4 {[%emt 0:00:07]} Qe2 {[%emt 0:00:14]} 32. Qh6 {[%emt 0:05:01]} Qe6 {[%emt 0:00:26]} 33. Qg5 {[%emt 0:01:50]} Qe7 {[%emt 0:00:50]} 34. Qxe7+ {[%emt 0:00:36]} Kxe7 {[%emt 0:00:01]} 35. Rb4 {[%emt 0:00:17]} Ne8 {[%emt 0:00:57]} 36. Rxb7+ {[%emt 0:00:12]} Ke6 {[%emt 0:00:32]} 37. Bb4 {[%emt 0:01:36]} Rd7 {[%emt 0:00:31]} 38. Rxd7 {[%emt 0:00:28]} Kxd7 {[%emt 0:00:01]} 39. Bc5 {[%emt 0:00:26]} a6 {[%emt 0:00:16]} 40. b4 {[%emt 0:00:54]} Nf6 {[%emt 0:00:55]} 41. Bd4 {[%emt 0:30:30]} Ne4 {[%emt 0:00:57]} 42. Kc2 {[%emt 0:00:00]} a5 {[%emt 0:01:44]} 43. bxa5 {[%emt 0:00:00]} c5 {[%emt 0:00:05]} 44. Be3 {[%emt 0:00:00]} Kc6 {[%emt 0:02:33]} 45. Kd3 {[%emt 0:00:00]} Kb5 {[%emt 0:18:15]} 46. a6 {[%emt 0:00:00]} Kxa6 {[%emt 0:00:54]} 47. Bxc5 {[%emt 0:00:00]} Kb5 {[%emt 0:01:36]} 48. Be7 {[%emt 0:00:00]} Kc6 {[%emt 0:00:15]} 49. Kd4 {[%emt 0:00:00]} Nd2 {[%emt 0:01:26]} 50. h4 {[%emt 0:00:00]} Nf3+ {[%emt 0:02:35]} 51. Ke3 {[%emt 0:00:00]} Nh2 {[%emt 0:00:15]} 52. h5 {[%emt 0:00:00]} Kd7 {[%emt 0:00:09]} 53. Bc5 {[%emt 0:00:00]} Ke6 {[%emt 0:00:37]} 54. a4 {[%emt 0:00:00]} Nf1+ {[%emt 0:00:48]} 55. Kf2 {[%emt 0:00:00]} Nd2 {[%emt 0:00:06]} 56. Bb4 {[%emt 0:00:00]} Ne4+ {[%emt 0:00:25]} 57. Kf3 {[%emt 0:00:00]} d4 {[%emt 0:00:46]} 58. a5 {[%emt 0:00:00]} Kd5 {[%emt 0:00:04]} 59. h6 {[%emt 0:00:00]} Nf6 {[%emt 0:00:43]} 60. Be7 {[%emt 0:00:00]} Nh7 {[%emt 0:00:01]} 61. Ke2 {[%emt 0:00:00]} Kc6 {[%emt 0:00:44]} 62. Kd3 {[%emt 0:00:00]} Kb5 {[%emt 0:00:08]} 63. Bd8 {[%emt 0:00:00]} Nf8 {[%emt 0:00:33]} 64. Kxd4 {[%emt 0:00:00]} Ne6+ {[%emt 0:00:05]} 65. Ke5 {[%emt 0:00:00]} Nxd8 {[%emt 0:00:03]} 66. Kf6 {[%emt 0:00:00]} Kxa5 {[%emt 0:00:24]} 67. h7 {[%emt 0:00:00]} 1-0